000 00456nam a2200193Ia 4500
005 20240823024405.0
008 240823s9999||||xx |||||||||||||| ||und||
020 _a978-81-203-3963-7
041 _aENGLISH
082 _A658.8342 Q0
100 _aRamanuj Mahumdar
245 0 _aConsumer Behaviour
250 _a1st
260 _c2010
_b#VALUE!
500 _aYES
650 _aConsumer Behavior
_bManagement Studies
942 _cBK
999 _c183806
_d183806